Statistieken voor Vlaggen van Landen die beginnen met B

Klik hier om de quiz te nemen!

Algemene statistieken

  • Deze quiz is 526 keer genomen
  • De gemiddelde score is 14 van 17

Antwoordstatistieken

Antwoord% Correct
Brazilië
100%
België
98%
Bulgarije
96%
Bosnië en Herzegovina
93%
Bangladesh
91%
Belarus
91%
Bhutan
87%
Bahrein
86%
Barbados
85%
Burkina Faso
80%
Botswana
79%
Brunei
79%
Burundi
78%
Bolivia
77%
Belize
76%
Benin
76%
Bahama's
75%

Scoreverdeling

Percentiel versus Aantal Correcte Antwoorden

Procent van Mensen met Elke Score

Uw Scoregeschiedenis

U heeft deze quiz nog niet genomen